Club de Serie A 2023/2024 - Statistiques

Statistiques générales
  • Ce quiz a été pris 286 fois
    144 depuis la dernière actualisation
  • Le résultat moyen est 16 sur 20
Statistiques - réponses
Par images Réponse % Correct
AC Milan
100%
AS Roma
100%
Internazionale Milan
100%
Juventus
100%
SSC Naples
100%
SS Lazio
99%
Atalanta BC
92%
Fiorentina
92%
Torino Fc
91%
Bologne FC
90%
Udinese Calcio
81%
US Sassuolo
79%
Genoa
77%
Hellas Verona
72%
Cagliari
71%
Empoli FC
70%
US Lecce
70%
AC Monza
68%
US Salernitana
55%
Frosinone
36%
Aucun quiz correspondant
Distribution des résultats
% des personnes avec chaque résultat
Percentile par nombre de réponses
Votre historique - résultats
Vous n’avez pas pris ce quiz depuis la dernière actualisation